000 00633ntaaa2200217 4500
003 01
005 20251027203052.0
008 0714s1973 ag 01
040 _aAR-BaBN
_bspa
_cAR-BaBN
_eaacr
_dRIC
082 _a232 Sa5i
100 _aSantayana, George
_98065
245 _aLa idea de Cristo en los Evangelios /
_cGeorge Santayana, traducido por Demetrio Náñez
250 _a2ª ed.
260 _aBuenos Aires :
_bEditorial Sudamericana,
_c1966
300 _a264 p. ;
_c16,5 cm
650 _aJESUCRISTO
650 _aNUEVO TESTAMENTO
650 _aFILOSOFIA
700 _aNáñez, Demetrio
_etraductor
_931946
942 _cBK
999 _c26086
_d26086